Environmental factors and health : The danish experience
This book consists of the following many parts such as basic information about Denmark, environmental factors with possible health implications, the regulatory framework, a historycal overview of environmental policy in Denmark, air, soil, drinking water, bathing water-coastal and fresh-waters....
Đã lưu trong:
| 格式: | 圖書 |
|---|---|
| 語言: | Undetermined |
| 出版: |
Danish
Danish Environmental Protection Agency
2001
|
| 主題: | |
| 標簽: |
添加標簽
沒有標簽, 成為第一個標記此記錄!
|
| Thư viện lưu trữ: | Trung tâm Học liệu Trường Đại học Cần Thơ |
|---|
| LEADER | 00861nam a2200193Ia 4500 | ||
|---|---|---|---|
| 001 | CTU_141708 | ||
| 008 | 210402s9999 xx 000 0 und d | ||
| 082 | |a 362.19698 | ||
| 082 | |b C874 | ||
| 245 | 0 | |a Environmental factors and health : | |
| 245 | 4 | |b The danish experience | |
| 245 | 0 | |c Cowi Consulting Engineers and Planners AS | |
| 260 | |a Danish | ||
| 260 | |b Danish Environmental Protection Agency | ||
| 260 | |c 2001 | ||
| 520 | |a This book consists of the following many parts such as basic information about Denmark, environmental factors with possible health implications, the regulatory framework, a historycal overview of environmental policy in Denmark, air, soil, drinking water, bathing water-coastal and fresh-waters.... | ||
| 650 | |a Environmental factors | ||
| 904 | |i Bạch Trúc | ||
| 980 | |a Trung tâm Học liệu Trường Đại học Cần Thơ | ||